[Event "Charlotte Carolinas op"]
[Site "Charlotte"]
[Date "2025.06.14"]
[Round "1"]
[White "Xu, Shawn"]
[Black "Stearman, Josiah P"]
[Result "0-1"]
[WhiteElo "1923"]
[BlackElo "2448"]
[PlyCount "64"]
[EventDate "2025.06.14"]
[EventType "swiss"]
[EventRounds "5"]
[EventCountry "USA"]
[SourceTitle "CB25_2025"]
[SourceDate "2025.06.18"]
[SourceVersion "1"]
[SourceVersionDate "2025.06.18"]
[SourceQuality "1"]

1. e4 e5 2. Nf3 d6 3. d4 Nd7 4. Bc4 Be7 5. dxe5 Nxe5 6. Nxe5 dxe5 7. Qh5 g6 8. Qxe5 f6 9. Qb5+ Kf8 10. 0-0 Kg7 11. Nc3 c6 12. Qb3 Nh6 13. h3 Qd6 14. a4 Qe5 15. Be3 Bd6 16. f4 Qe7 17. Rae1 Bb4 18. Kh1 Re8 19. Bd4 Bc5 20. Rd1 b6 21. Bxc5 Qxc5 22. Rd3 a6 23. Qa2 Ra7 24. Rfd1 Rae7 25. e5 Bf5 26. b4 Qf2 27. exf6+ Kxf6 28. Rd6+ Kg7 29. Ne4 Bxe4 30. Qa1+ Re5 31. Rd7+ Kf8 32. Bf1 Bxg2+ 0-1